A pilot research project on nonformal education : (Record no. 52957)
[ view plain ]
| 000 -LEADER | |
|---|---|
| fixed length control field | 00800nam a2200205 a 4500 |
| 001 - CONTROL NUMBER | |
| control field | 52957 |
| 003 - CONTROL NUMBER IDENTIFIER | |
| rucl marc code | BD-RjUL |
| 005 - DATE AND TIME OF LATEST TRANSACTION | |
| control field | 20211209075903.0 |
| 008 - FIXED-LENGTH DATA ELEMENTS--GENERAL INFORMATION | |
| fixed length control field | 161017r1979 bg ||||| |||| 00| 0 eng d |
| 035 ## - SYSTEM CONTROL NUMBER | |
| System control number | (BD-RjUL)53077 |
| 040 ## - CATALOGING SOURCE | |
| Original cataloging agency | BD-RjUL |
| Language of cataloging | eng |
| Transcribing agency | BD-RjUL |
| 041 ## - LANGUAGE CODE | |
| Language code of text/sound track or separate title | eng |
| 082 ## - DEWEY DECIMAL CLASSIFICATION NUMBER | |
| Edition number | 23 |
| Classification number | 370.111095492 |
| Author mark and year | FOP 1979 |
| 110 1# - MAIN ENTRY--CORPORATE NAME | |
| Corporate name or jurisdiction name as entry element | Foundation for Research on Educational Planning and Development (Bangladesh) |
| 9 (RLIN) | 160026 |
| 245 12 - TITLE STATEMENT | |
| Title | A pilot research project on nonformal education : |
| Remainder of title | a micro study / |
| Statement of responsibility, etc. | Foundation for Research on Educational Planning and Development (Bangladesh) |
| 260 ## - PUBLICATION, DISTRIBUTION, ETC. (IMPRINT) | |
| Place of publication, distribution, etc. | Dacca : |
| Name of publisher, distributor, etc. | Foundation for Research on Educational Planning and Development, |
| Date of publication, distribution, etc. | 1979. |
| 300 ## - PHYSICAL DESCRIPTION | |
| Pagination | iii, 208 p. : |
| Illustrations | ill. ; |
| Size | 23 cm |
| 650 ## - SUBJECT ADDED ENTRY--TOPICAL TERM | |
| Topical term or geographic name as entry element | Fundamental education |
| Geographic subdivision | Bangladesh. |
| 9 (RLIN) | 160365 |
| 942 ## - ADDED ENTRY ELEMENTS (KOHA) | |
| Source of classification or shelving scheme | Dewey Decimal Classification |
| Koha item type | Books |
| Lost status | Source of classification or shelving scheme | Damaged status | Not for loan | Collection code | Permanent Location | Current Location | Shelving location | Date acquired | Source of acquisition | Cost, normal purchase price | Total Checkouts | Full call number | Date last seen | Copy number | Koha item type |
|---|---|---|---|---|---|---|---|---|---|---|---|---|---|---|---|
| Dewey Decimal Classification | Non-fiction | Central Library, University of Rajshahi | Central Library, University of Rajshahi | 05/04/1984 | Books and pandi, Dhaka | 50.00 | 370.111095492 FOP 1979 | 17/10/2016 | C-2 | Books | |||||
| Dewey Decimal Classification | Not For Loan | Non-fiction | Central Library, University of Rajshahi | Central Library, University of Rajshahi | Reading Room | 05/04/1984 | Book centre | 50.00 | 370.111095492 FOP 1979 | 01/01/2017 | C-1 | Books |